000 00859nam a22002175i 4500
001 156546
003 ES-MaACL
005 20251001194521.0
008 941129s1846 fr |||| | fre d
040 _aCLM
_bspa
100 1 _aKant, Immanuel,
_d1724-1804
_9222608
245 1 0 _aCritique du jugement
_b: suivie des observations sur le sentiment du beau et du sublime /
_cpar Emm. Kant ; traduit de l'allemand par J. Barni avec une introduction du traducteur.
260 _aParis :
_bLibrairie philosophique de Ladrange,
_c1846 (
_fCorbeil, Imprimerie de Creté)
300 _a2 v.(XVI, 343 p. ; 328 p.) ;
_c22 cm.
650 4 _aEpistemología.
_912338
650 4 _aJuicio (Lógica)
_914026
700 1 _aBarni, Jules,
_d1818-1878
_925735
852 _aES-MaACL
_jF-7154-55
_z-- Enc. cartón
999 _c156546
_d156546